| 000 | 00502nam a22001817a 4500 | ||
|---|---|---|---|
| 003 | CEME | ||
| 005 | 20210628203114.0 | ||
| 008 | 210118b xxu||||| |||| 00| 0 eng d | ||
| 020 | _a81-312-0120-1 | ||
| 040 | _cceme | ||
| 082 | _a621.3692 AGR | ||
| 100 |
_aAgrawal , Govind .P _962257 |
||
| 245 | _aApplications of nonlinear fiber optics , optics and photonics | ||
| 260 |
_aNEW DELHI _bACADEMIC PRESS _c2006 |
||
| 300 | _aXIV,458 P | ||
| 650 |
_aNONLINEAR FIBER OPTICS. _963331 |
||
| 942 |
_cBK _2ddc |
||
| 999 |
_c572191 _d572191 |
||